Country Flags with a Rubik's Cube #1 - Statistics

General Stats
  • This quiz has been taken 2,482 times
    508 since last reset
  • The average score is 9 of 12
Answer Stats
Picture Answer % Correct
France
99%
Poland
90%
Sweden
90%
Japan
88%
Colombia
79%
Costa Rica
77%
Armenia
76%
Mali
68%
Sierra Leone
66%
Dominican Republic
65%
Nauru
62%
Republic of the Congo
61%
No matching quizzes found
Score Distribution
Percent of People with Each Score
Percentile by Number Answered
Your Score History
You have not taken this quiz since the last reset